[Event "Titled Tuesday 2021.03.02"]
[Site "Chess.com INT"]
[Date "2021.03.02"]
[Round "8"]
[White "Golubka, Petro"]
[Black "Lamaze, Simon"]
[Result "1-0"]
[WhiteElo "2452"]
[BlackElo "2203"]
[WhiteFideId "-1"]
[BlackFideId "-1"]
[PlyCount "90"]
[GameId "1623853761429504"]
[EventDate "2021.03.02"]
[EventType "swiss (blitz)"]
[EventRounds "11"]
[EventCountry "NET"]
[SourceTitle "CBM 201 Extra"]
[Source "ChessBase"]
[SourceDate "2021.05.31"]
[SourceVersion "1"]
[SourceVersionDate "2021.05.31"]
[SourceQuality "1"]

1. d4 Nf6 2. Nf3 e6 3. g3 d5 4. Bg2 Be7 5. O-O O-O 6. Nbd2 b5 7. c3 Nbd7 8. Qb3 Rb8 9. a4 a6 10. axb5 axb5 11. e4 c5 12. e5 c4 13. Qc2 Ne8 14. b4 cxb3 15. Nxb3 b4 16. cxb4 Rxb4 17. h4 Nc7 18. Ng5 g6 19. Be3 Nb5 20. Rfc1 Rc4 21. Qb2 Nb6 22. Na5 Rb4 23. Qe2 Bd7 24. Qd3 Na4 25. Nc6 Bxc6 26. Rxc6 Nb2 27. Qe2 Nc4 28. Rxe6 Nxe3 29. Rxe7 Qxe7 30. fxe3 Rb8 31. Qf2 Nc7 32. Rf1 Rb1 33. Rxb1 Rxb1+ 34. Kh2 Rb8 35. e4 Rd8 36. exd5 Nxd5 37. Bxd5 Rxd5 38. Ne4 Kg7 39. Nf6 Rxd4 40. Qxd4 Qe6 41. Nd5 h6 42. Nf4 Qf5 43. e6+ Kg8 44. exf7+ Qxf7 45. Qd5 Kf8 1-0

[Event "Titled Tuesday 2021.03.02"]
[Site "Chess.com INT"]
[Date "2021.03.02"]
[Round "9"]
[White "Kamsky, Gata"]
[Black "Golubka, Petro"]
[Result "1-0"]
[WhiteElo "2665"]
[BlackElo "2452"]
[WhiteFideId "-1"]
[BlackFideId "-1"]
[PlyCount "123"]
[GameId "1623853762424832"]
[EventDate "2021.03.02"]
[EventType "swiss (blitz)"]
[EventRounds "11"]
[EventCountry "NET"]
[SourceTitle "CBM 201 Extra"]
[Source "ChessBase"]
[SourceDate "2021.05.31"]
[SourceVersion "1"]
[SourceVersionDate "2021.05.31"]
[SourceQuality "1"]

1. d4 d5 2. Nf3 c6 3. Bf4 Nf6 4. e3 Bg4 5. Nbd2 e6 6. h3 Bxf3 7. Nxf3 Bd6 8. Ne5 Bxe5 9. Bxe5 Nbd7 10. Bh2 Qb6 11. Qc1 c5 12. c3 O-O 13. Be2 Rfe8 14. O-O e5 15. dxe5 Nxe5 16. Qc2 Rad8 17. Rad1 h6 18. Qb3 Qe6 19. a4 Re7 20. a5 Rdd7 21. Qb5 Rc7 22. Rfe1 Kh8 23. Qa4 c4 24. Qb5 a6 25. Qb4 Rcd7 26. Bxe5 Qxe5 27. Bf3 g5 28. Rd4 Kg7 29. Red1 h5 30. g3 Re6 31. Bg2 Qf5 32. b3 cxb3 33. Qxb3 Re5 34. Qb1 Qe6 35. Qb2 Rc7 36. Rb4 Qc8 37. c4 Rf5 38. Bxd5 g4 39. h4 Qe8 40. Bxb7 Qe7 41. Bg2 Rxa5 42. Rd5 Rxd5 43. Bxd5 Rd7 44. Rb6 Rd6 45. Rb7 Rd7 46. Rb6 Rd6 47. e4 Rxb6 48. Qxb6 Qe5 49. Qxa6 Nxe4 50. Bxe4 Qxe4 51. Qa1+ f6 52. Qc3 Qc6 53. c5 Kg6 54. Qd3+ f5 55. Qd4 Kf7 56. Qe5 Qe6 57. Qd4 Qe1+ 58. Kh2 Qe6 59. Qf4 Kg6 60. Qg5+ Kf7 61. Qxh5+ Kf6 62. Qh6+ 1-0

[Event "Titled Tuesday 2021.03.02"]
[Site "Chess.com INT"]
[Date "2021.03.02"]
[Round "10"]
[White "Golubka, Petro"]
[Black "Wadsworth, Matthew J"]
[Result "0-1"]
[WhiteElo "2452"]
[BlackElo "2416"]
[WhiteFideId "-1"]
[BlackFideId "-1"]
[PlyCount "52"]
[GameId "1623853762617344"]
[EventDate "2021.03.02"]
[EventType "swiss (blitz)"]
[EventRounds "11"]
[EventCountry "NET"]
[SourceTitle "CBM 201 Extra"]
[Source "ChessBase"]
[SourceDate "2021.05.31"]
[SourceVersion "1"]
[SourceVersionDate "2021.05.31"]
[SourceQuality "1"]

1. d4 Nf6 2. Nf3 c5 3. d5 e6 4. c4 d6 5. Nc3 exd5 6. cxd5 g6 7. e4 Bg7 8. h3 O-O 9. Bd3 Nh5 10. g4 Nf6 11. Kf1 h5 12. Nh2 a6 13. a4 Nbd7 14. Ra3 Re8 15. Kg2 Rb8 16. g5 Nh7 17. h4 Ne5 18. Be2 c4 19. f4 Ng4 20. Nxg4 hxg4 21. Bxg4 b5 22. axb5 axb5 23. Bxc8 Qxc8 24. Ra7 b4 25. Ne2 Qc5 26. Ng3 Qxa7 0-1

[Event "Titled Tuesday 2021.03.02"]
[Site "Chess.com INT"]
[Date "2021.03.02"]
[Round "11"]
[White "Mortazavi, Ali"]
[Black "Golubka, Petro"]
[Result "1-0"]
[WhiteElo "2333"]
[BlackElo "2452"]
[WhiteFideId "-1"]
[BlackFideId "-1"]
[PlyCount "191"]
[GameId "1623853763944448"]
[EventDate "2021.03.02"]
[EventType "swiss (blitz)"]
[EventRounds "11"]
[EventCountry "NET"]
[SourceTitle "CBM 201 Extra"]
[Source "ChessBase"]
[SourceDate "2021.05.31"]
[SourceVersion "1"]
[SourceVersionDate "2021.05.31"]
[SourceQuality "1"]

1. Nf3 Nf6 2. b3 b6 3. Bb2 Bb7 4. c4 e6 5. e3 Be7 6. Qc2 Be4 7. d3 Bxf3 8. gxf3 a5 9. a3 g6 10. Nd2 c6 11. f4 d5 12. Nf3 O-O 13. h4 Nh5 14. Be2 Bf6 15. Ne5 Ng7 16. h5 Bxe5 17. Bxe5 Nd7 18. Bb2 c5 19. hxg6 fxg6 20. O-O-O a4 21. bxa4 d4 22. Rh3 Nf5 23. Rdh1 Rf7 24. Bg4 Nf6 25. Bf3 Raa7 26. e4 Ng7 27. Kb1 Nfh5 28. f5 exf5 29. Bc1 f4 30. e5 Qe8 31. Re1 Qxa4 32. Bd5 Qxc2+ 33. Kxc2 Kf8 34. Bxf7 Kxf7 35. Kb3 Ke6 36. Bd2 Kf5 37. a4 Re7 38. a5 bxa5 39. Ka4 Rb7 40. Rhh1 Rb2 41. Bxa5 Rxf2 42. Kb5 Ne6 43. Kc6 f3 44. Bb6 Rd2 45. Bxc5 Rxd3 46. Bd6 Rc3 47. Kd5 Nhf4+ 48. Kc6 h5 49. c5 g5 50. Kd7 g4 51. c6 f2 52. Ra1 g3 53. c7 Nxc7 54. Bxc7 g2 55. Rhd1 h4 56. e6 Rxc7+ 57. Kxc7 Nxe6+ 58. Kd6 f1=Q 59. Rxf1+ gxf1=Q 60. Rxf1+ Nf4 61. Kc5 d3 62. Kd4 Kg4 63. Ke3 Ng2+ 64. Kxd3 h3 65. Ke2 Kg3 66. Rf3+ Kg4 67. Kf2 Nf4 68. Rg3+ Kf5 69. Rf3 Kg4 70. Rg3+ Kf5 71. Rg1 Nd3+ 72. Kg3 Ke4 73. Kxh3 Nf4+ 74. Kg4 Ne2 75. Ra1 Ke3 76. Ra8 Ke4 77. Re8+ Kd3 78. Kf3 Nd4+ 79. Kf2 Nc2 80. Rd8+ Ke4 81. Rd7 Nd4 82. Ke1 Nf3+ 83. Kd1 Ne5 84. Rd8 Nf3 85. Kc2 Nd4+ 86. Kc3 Ne2+ 87. Kc4 Ke3 88. Re8+ Kd2 89. Re4 Ng3 90. Rf4 Ne2 91. Rh4 Ng3 92. Rg4 Ne2 93. Rg2 Ke3 94. Rh2 Kf3 95. Kd3 Nf4+ 96. Kd2 1-0

[Event "Titled Tuesday 2021.02.23"]
[Site "Chess.com INT"]
[Date "2021.02.23"]
[Round "1"]
[White "Golubka, Petro"]
[Black "Shevtchenko, Olesya"]
[Result "1-0"]
[WhiteElo "2452"]
[BlackElo "2054"]
[WhiteFideId "-1"]
[BlackFideId "-1"]
[PlyCount "172"]
[GameId "1621287629512704"]
[EventDate "2021.02.23"]
[EventType "swiss (blitz)"]
[EventRounds "11"]
[EventCountry "NET"]
[SourceTitle "CBM 200 Extra"]
[Source "ChessBase"]
[SourceDate "2021.03.31"]
[SourceVersion "1"]
[SourceVersionDate "2021.03.31"]
[SourceQuality "1"]

1. d4 d5 2. Nf3 Nf6 3. c3 c5 4. g3 e6 5. Bg2 Nc6 6. O-O Be7 7. Bg5 O-O 8. Bxf6 gxf6 9. dxc5 Bxc5 10. Nbd2 f5 11. e3 Qf6 12. Nd4 Bd7 13. Re1 Rac8 14. Rc1 Ne5 15. Qe2 a6 16. N2b3 Ba7 17. Qd1 Ba4 18. Re2 Rfd8 19. Rec2 Nc4 20. Qh5 Qg6 21. Qe2 e5 22. Nf3 Bb5 23. Qe1 Re8 24. Nh4 Qg5 25. Nf3 Qg6 26. Nh4 Qg5 27. Bh3 Nd6 28. Rd2 Bc4 29. Na5 Ne4 30. Nxc4 dxc4 31. Nxf5 Nxd2 32. Qxd2 Rc6 33. Qd7 Rce6 34. Qxb7 Bc5 35. Qe4 Bf8 36. Rd1 Rd8 37. Rxd8 Qxd8 38. Qg4+ Kh8 39. Qxc4 e4 40. Bg4 Qf6 41. h4 Qd8 42. Kg2 Bg7 43. a4 Bf8 44. b4 Qd3 45. Qc8 Kg8 46. a5 Rf6 47. Ne7+ Kg7 48. Nf5+ Kg8 49. h5 Qd5 50. Ne7+ Kg7 51. Nxd5 h6 52. Nxf6 Kxf6 53. Qf5+ Ke7 54. Qxe4+ Kf6 55. Bf3 Be7 56. Be2 Kg7 57. Bd3 Bf6 58. f4 Kf8 59. Kf3 Be7 60. g4 Bf6 61. Qf5 Bg7 62. Bc4 Ke7 63. g5 Kd6 64. Qd5+ Kc7 65. Qxf7+ Kd6 66. Qg6+ Bf6 67. Qg7 Bxg7 68. gxh6 Bxh6 69. e4 Bg7 70. e5+ Ke7 71. Ke4 Bh6 72. f5 Bf8 73. f6+ Kd7 74. e6+ Kd6 75. e7 Bxe7 76. fxe7 Kxe7 77. Bxa6 Kf6 78. Bc4 Kg5 79. a6 Kg4 80. a7 Kg3 81. a8=Q Kg2 82. Qf8 Kg3 83. Ke3 Kg2 84. Qg7+ Kh3 85. Kf2 Kh4 86. Be2 Kh3 1-0

[Event "Titled Tuesday 2021.02.23"]
[Site "Chess.com INT"]
[Date "2021.02.23"]
[Round "2"]
[White "Janaszak, Dawid"]
[Black "Golubka, Petro"]
[Result "1/2-1/2"]
[WhiteElo "2348"]
[BlackElo "2452"]
[WhiteFideId "-1"]
[BlackFideId "-1"]
[PlyCount "79"]
[GameId "1621287629975552"]
[EventDate "2021.02.23"]
[EventType "swiss (blitz)"]
[EventRounds "11"]
[EventCountry "NET"]
[SourceTitle "CBM 200 Extra"]
[Source "ChessBase"]
[SourceDate "2021.03.31"]
[SourceVersion "1"]
[SourceVersionDate "2021.03.31"]
[SourceQuality "1"]

1. d4 d5 2. Nf3 c6 3. Bf4 Bg4 4. Nbd2 Nd7 5. c4 e6 6. Qb3 Qc8 7. e3 Bxf3 8. Nxf3 Ngf6 9. Rc1 Be7 10. h3 O-O 11. Bd3 a5 12. O-O a4 13. Qd1 Re8 14. Qe2 Bd8 15. Ne5 Bc7 16. Qf3 Nxe5 17. Bxe5 Bxe5 18. dxe5 Nd7 19. Qg3 g6 20. cxd5 exd5 21. f4 Kh8 22. e4 dxe4 23. Bxe4 Qd8 24. Rcd1 Qe7 25. Rd6 Rad8 26. Qc3 Kg8 27. Rfd1 Nf8 28. Qa3 Rxd6 29. Rxd6 Ne6 30. g3 h5 31. h4 Qc7 32. Qb4 Kg7 33. Kg2 a3 34. b3 Rd8 35. Qxa3 c5 36. Rxd8 Nxd8 37. Qc1 Ne6 38. Qc4 Qa5 39. Qc2 Nd4 40. Qf2 1/2-1/2

[Event "Titled Tuesday 2021.02.23"]
[Site "Chess.com INT"]
[Date "2021.02.23"]
[Round "3"]
[White "Golubka, Petro"]
[Black "Peralta, Eduardo"]
[Result "1-0"]
[WhiteElo "2452"]
[BlackElo "2218"]
[WhiteFideId "-1"]
[BlackFideId "-1"]
[PlyCount "95"]
[GameId "1621287631020032"]
[EventDate "2021.02.23"]
[EventType "swiss (blitz)"]
[EventRounds "11"]
[EventCountry "NET"]
[SourceTitle "CBM 200 Extra"]
[Source "ChessBase"]
[SourceDate "2021.03.31"]
[SourceVersion "1"]
[SourceVersionDate "2021.03.31"]
[SourceQuality "1"]

1. d4 Nf6 2. Nf3 c5 3. c3 g6 4. g3 Bg7 5. Bg2 O-O 6. O-O cxd4 7. cxd4 d5 8. Nc3 Ne4 9. Bd2 Nc6 10. e3 Bg4 11. h3 Bf5 12. Rc1 Rc8 13. Qa4 a6 14. Qd1 b5 15. Kh2 h5 16. Nh4 Nxd2 17. Qxd2 Be6 18. f4 Na5 19. b3 Nc6 20. Nf3 Qd6 21. Ng5 Rfd8 22. Nxe6 Qxe6 23. Nxd5 Rxd5 24. Bxd5 Qxd5 25. Rc5 Qd7 26. Rfc1 Na7 27. Qc2 Ra8 28. Qe4 Rc8 29. Rxc8+ Nxc8 30. Qa8 Kh7 31. Qxc8 Qd5 32. Qc6 Qf5 33. Qc2 Qd5 34. Qg2 Qd6 35. g4 h4 36. g5 Qa3 37. Rc2 f6 38. Qf2 fxg5 39. fxg5 Qd6+ 40. Qf4 e5 41. Qxh4+ Kg8 42. Qg3 Qe6 43. Qg4 Qd6 44. Rc8+ Kf7 45. Qf3+ Ke6 46. Rc6 e4+ 47. Rxd6+ Kxd6 48. Qxe4 1-0

[Event "Titled Tuesday 2021.02.23"]
[Site "Chess.com INT"]
[Date "2021.02.23"]
[Round "4"]
[White "Howell, David"]
[Black "Golubka, Petro"]
[Result "0-1"]
[WhiteElo "2658"]
[BlackElo "2452"]
[WhiteFideId "-1"]
[BlackFideId "-1"]
[PlyCount "80"]
[GameId "1621287632048128"]
[EventDate "2021.02.23"]
[EventType "swiss (blitz)"]
[EventRounds "11"]
[EventCountry "NET"]
[SourceTitle "CBM 200 Extra"]
[Source "ChessBase"]
[SourceDate "2021.03.31"]
[SourceVersion "1"]
[SourceVersionDate "2021.03.31"]
[SourceQuality "1"]

1. b3 b6 2. Bb2 Bb7 3. c4 e6 4. Nf3 Nf6 5. g3 Bxf3 6. exf3 c6 7. Bg2 Be7 8. O-O O-O 9. f4 g6 10. d3 a5 11. a3 d5 12. Nd2 Nbd7 13. Qc2 Rc8 14. Rfe1 Re8 15. Nf3 Bf8 16. Re2 Bg7 17. Rae1 b5 18. Rc1 Nh5 19. Ne5 Nxe5 20. fxe5 Bf8 21. c5 Bh6 22. Rf1 f5 23. exf6 Nxf6 24. Bh3 Rc7 25. Rfe1 Bg7 26. Rxe6 Rxe6 27. Rxe6 Nh5 28. Bc1 Bd4 29. Qe2 Ng7 30. Bf4 Nxe6 31. Qxe6+ Kg7 32. b4 axb4 33. axb4 Rf7 34. Qxc6 Rxf4 35. gxf4 Qh4 36. Qd7+ Kh6 37. Qg4 Qxf2+ 38. Kh1 Qe1+ 39. Kg2 Qg1+ 40. Kf3 Qf2# 0-1

[Event "Titled Tuesday 2021.02.23"]
[Site "Chess.com INT"]
[Date "2021.02.23"]
[Round "5"]
[White "Zhalmakhanov, Ramazan"]
[Black "Golubka, Petro"]
[Result "1-0"]
[WhiteElo "2420"]
[BlackElo "2452"]
[WhiteFideId "-1"]
[BlackFideId "-1"]
[PlyCount "95"]
[GameId "1621287633367040"]
[EventDate "2021.02.23"]
[EventType "swiss (blitz)"]
[EventRounds "11"]
[EventCountry "NET"]
[SourceTitle "CBM 200 Extra"]
[Source "ChessBase"]
[SourceDate "2021.03.31"]
[SourceVersion "1"]
[SourceVersionDate "2021.03.31"]
[SourceQuality "1"]

1. e4 c5 2. Nc3 a6 3. g3 d6 4. Bg2 e6 5. d3 b5 6. f4 Bb7 7. Nge2 h5 8. h3 Nc6 9. O-O Nf6 10. Be3 b4 11. Nb1 d5 12. Nd2 Be7 13. Qe1 d4 14. Bf2 e5 15. Nc4 Nd7 16. Qd2 a5 17. a4 Ba6 18. b3 Bxc4 19. dxc4 h4 20. fxe5 Bg5 21. Qe1 Ncxe5 22. gxh4 Bxh4 23. Nf4 Bxf2+ 24. Qxf2 Qh4 25. Nd5 Qxf2+ 26. Rxf2 Kd8 27. Raf1 Ra6 28. Rxf7 Nxf7 29. Rxf7 Rg6 30. Kh2 Rf8 31. Rxf8+ Nxf8 32. Nf4 Rg5 33. Bf3 Ke7 34. h4 Re5 35. Nd3 Kf6 36. Kg3 Ng6 37. h5 Rg5+ 38. Kf2 Ne5 39. Nf4 Ke7 40. Be2 Ng4+ 41. Kf3 Ne3 42. Bd3 Rg1 43. e5 Rh1 44. Ke4 Rh4 45. Kf3 Rh2 46. Nd5+ Ke6 47. Nxe3 dxe3 48. Kxe3 1-0

[Event "Titled Tuesday 2021.02.23"]
[Site "Chess.com INT"]
[Date "2021.02.23"]
[Round "6"]
[White "Golubka, Petro"]
[Black "Solon, Nathan"]
[Result "1-0"]
[WhiteElo "2452"]
[BlackElo "2306"]
[WhiteFideId "-1"]
[BlackFideId "-1"]
[PlyCount "125"]
[GameId "1621287634374656"]
[EventDate "2021.02.23"]
[EventType "swiss (blitz)"]
[EventRounds "11"]
[EventCountry "NET"]
[SourceTitle "CBM 200 Extra"]
[Source "ChessBase"]
[SourceDate "2021.03.31"]
[SourceVersion "1"]
[SourceVersionDate "2021.03.31"]
[SourceQuality "1"]

1. d4 Nf6 2. Nf3 d5 3. g3 c6 4. Bg2 Bf5 5. O-O e6 6. Nbd2 h6 7. c4 Nbd7 8. b3 Bd6 9. Bb2 O-O 10. Re1 a5 11. a3 Re8 12. Nh4 Bh7 13. e4 dxe4 14. Nxe4 Nxe4 15. Bxe4 Bxe4 16. Rxe4 Nf6 17. Re1 Bf8 18. Nf3 g6 19. Qc2 Bg7 20. Rad1 Qb6 21. a4 Rad8 22. Kg2 Nd7 23. h4 h5 24. Ng5 Nf6 25. Re2 Ng4 26. Nf3 Rd7 27. Red2 Red8 28. Bc3 Qc7 29. Rd3 b6 30. R1d2 Qb7 31. Rd1 Rd6 32. Qe2 Qd7 33. Ne1 Qb7 34. Qf3 Nh6 35. Nc2 Nf5 36. Qe4 Qd7 37. f3 c5 38. g4 hxg4 39. fxg4 Nxd4 40. Bxd4 Bxd4 41. g5 e5 42. R1d2 Kg7 43. Ne3 Qc6 44. Nd5 Rxd5 45. cxd5 Qxd5 46. Qxd5 Rxd5 47. Kf3 Rd8 48. Ke4 Rh8 49. Rh3 Rh5 50. Rdd3 f5+ 51. gxf6+ Kxf6 52. Rdf3+ Ke6 53. Rfg3 Kf6 54. Rf3+ Ke6 55. Rfg3 Kf6 56. Rg4 Rh8 57. Rf3+ Kg7 58. Rfg3 Rh6 59. h5 Rxh5 60. Rxg6+ Kf7 61. Rg7+ Ke8 62. Rb7 Rh4+ 63. Kd5 1-0

[Event "Titled Tuesday 2021.02.23"]
[Site "Chess.com INT"]
[Date "2021.02.23"]
[Round "7"]
[White "Golubka, Petro"]
[Black "Gulkov, Igor A"]
[Result "1/2-1/2"]
[WhiteElo "2452"]
[BlackElo "2358"]
[WhiteFideId "-1"]
[BlackFideId "-1"]
[PlyCount "112"]
[GameId "1621287635111936"]
[EventDate "2021.02.23"]
[EventType "swiss (blitz)"]
[EventRounds "11"]
[EventCountry "NET"]
[SourceTitle "CBM 200 Extra"]
[Source "ChessBase"]
[SourceDate "2021.03.31"]
[SourceVersion "1"]
[SourceVersionDate "2021.03.31"]
[SourceQuality "1"]

1. d4 Nf6 2. Nf3 g6 3. g3 Bg7 4. Bg2 O-O 5. O-O d6 6. Nc3 d5 7. Bf4 c6 8. a3 Bf5 9. Nh4 Be6 10. h3 Nbd7 11. Kh2 Qb6 12. Rb1 h6 13. Be3 Qc7 14. f4 Bf5 15. Nxf5 gxf5 16. Qd3 e6 17. Nd1 Ne4 18. Nf2 Ndf6 19. c3 Kh8 20. Bf3 Rg8 21. Rg1 c5 22. dxc5 Nxc5 23. Qd2 Nfe4 24. Nxe4 dxe4 25. Bh5 Rad8 26. Qc2 Rd7 27. Rbd1 Rgd8 28. Rxd7 Rxd7 29. Rd1 Rxd1 30. Qxd1 Kg8 31. Kg2 Bf6 32. g4 b6 33. gxf5 exf5 34. Qd5 Qd7 35. Qxd7 Nxd7 36. Bg1 Bh4 37. e3 Be1 38. Bf2 Bd2 39. a4 Nc5 40. Bd1 Nd3 41. b3 Bxc3 42. Kf1 Kg7 43. Bc2 Nb4 44. Bd1 Kg6 45. Be2 Nd3 46. Bg1 a6 47. Bd1 b5 48. axb5 axb5 49. Be2 Bd2 50. Bd1 Bc3 51. Be2 Kf6 52. Bd1 Ke6 53. Bh5 Nc5 54. Bd1 Nd3 55. Bh5 Nc5 56. Bd1 Nd3 1/2-1/2

[Event "Titled Tuesday 2021.02.23"]
[Site "Chess.com INT"]
[Date "2021.02.23"]
[Round "10"]
[White "Golubka, Petro"]
[Black "Vlassov, Nikolai"]
[Result "1-0"]
[WhiteElo "2452"]
[BlackElo "2331"]
[WhiteFideId "-1"]
[BlackFideId "-1"]
[PlyCount "91"]
[GameId "1621287637241856"]
[EventDate "2021.02.23"]
[EventType "swiss (blitz)"]
[EventRounds "11"]
[EventCountry "NET"]
[SourceTitle "CBM 200 Extra"]
[Source "ChessBase"]
[SourceDate "2021.03.31"]
[SourceVersion "1"]
[SourceVersionDate "2021.03.31"]
[SourceQuality "1"]

1. d4 Nf6 2. Nf3 e6 3. c3 c5 4. g3 b6 5. Bg2 Bb7 6. O-O Be7 7. Bg5 O-O 8. a4 Na6 9. e3 Rc8 10. Nbd2 cxd4 11. exd4 Nc7 12. Re1 h6 13. Bxf6 Bxf6 14. h4 Bxf3 15. Qxf3 d5 16. Bf1 Ne8 17. Bd3 Nd6 18. Kg2 g6 19. h5 g5 20. Nf1 Bg7 21. Nh2 Re8 22. Re2 f5 23. Rae1 Ne4 24. Nf1 g4 25. Qe3 Qg5 26. Qxg5 hxg5 27. Ne3 Bf6 28. Bc2 Kg7 29. Bb3 Rh8 30. Bxd5 exd5 31. Nxf5+ Kf7 32. Ne3 Rcd8 33. Nxg4 Rxh5 34. f3 Nd6 35. Re6 Bg7 36. Re7+ Kf8 37. Rxa7 Nf5 38. Re6 Nh6 39. Ne3 g4 40. f4 Ng8 41. Nxg4 Nh6 42. Ne3 Ng8 43. Rxb6 Rh6 44. Rbb7 Rg6 45. Nf5 Nh6 46. Nxg7 1-0

[Event "Titled Tuesday 2021.02.23"]
[Site "Chess.com INT"]
[Date "2021.02.23"]
[Round "11"]
[White "Golubka, Petro"]
[Black "Gadimbayli, Abdulla Azar"]
[Result "0-1"]
[WhiteElo "2452"]
[BlackElo "2470"]
[WhiteFideId "-1"]
[BlackFideId "-1"]
[PlyCount "74"]
[GameId "1621287637729280"]
[EventDate "2021.02.23"]
[EventType "swiss (blitz)"]
[EventRounds "11"]
[EventCountry "NET"]
[SourceTitle "CBM 200 Extra"]
[Source "ChessBase"]
[SourceDate "2021.03.31"]
[SourceVersion "1"]
[SourceVersionDate "2021.03.31"]
[SourceQuality "1"]

1. d4 d5 2. Nf3 Nc6 3. g3 Bg4 4. Bg2 Qd7 5. h3 Bxf3 6. Bxf3 Nf6 7. Bf4 g6 8. c3 Bg7 9. Nd2 O-O 10. e3 Rfe8 11. Bg2 Nh5 12. O-O e5 13. dxe5 Nxe5 14. Bxe5 Bxe5 15. Nc4 c6 16. e4 Nf6 17. Nxe5 Rxe5 18. Qd4 Qe6 19. f4 Rxe4 20. Bxe4 Nxe4 21. Kg2 b6 22. Rae1 Re8 23. f5 Qd6 24. Rf4 Qd8 25. fxg6 fxg6 26. Ref1 Qe7 27. Rf7 Qxf7 28. Rxf7 Kxf7 29. c4 Nf6 30. cxd5 cxd5 31. Qa4 Re7 32. g4 Ke6 33. Kf3 Rc7 34. b3 Nd7 35. Ke3 Rc3+ 36. Kd4 Rd3+ 37. Kxd3 Nc5+ 0-1

[Event "Titled Tuesday 2021.02.16"]
[Site "Chess.com INT"]
[Date "2021.02.16"]
[Round "2"]
[White "Locci, Damiano"]
[Black "Golubka, Petro"]
[Result "0-1"]
[WhiteElo "2216"]
[BlackElo "2452"]
[WhiteFideId "-1"]
[BlackFideId "-1"]
[PlyCount "68"]
[GameId "1618787730726912"]
[EventDate "2021.02.16"]
[EventType "swiss (blitz)"]
[EventRounds "11"]
[EventCountry "NET"]
[SourceTitle "EXT 2022"]
[Source "ChessBase"]
[SourceDate "2021.10.06"]
[SourceVersion "1"]
[SourceVersionDate "2021.10.06"]
[SourceQuality "1"]

1. d4 d5 2. Nc3 c6 3. e4 dxe4 4. f3 e3 5. Bxe3 Nf6 6. Bd3 e6 7. a3 Nbd7 8. Nge2 Be7 9. Qd2 b6 10. O-O-O Bb7 11. h4 Qc7 12. Bf4 Bd6 13. Ne4 Bxf4 14. Qxf4 Qxf4+ 15. Nxf4 Ke7 16. Rhe1 Nxe4 17. fxe4 e5 18. Ne2 g6 19. g4 h6 20. Bc4 Rhf8 21. d5 cxd5 22. Bxd5 Bxd5 23. Rxd5 Nf6 24. Rxe5+ Kd6 25. Rb5 Nxg4 26. Rd1+ Kc6 27. Nd4+ Kc7 28. h5 Rae8 29. hxg6 fxg6 30. Rd5 a6 31. Rd3 Rf1+ 32. Kd2 Rf7 33. Rc3+ Kb7 34. Rd6 Nf2 0-1

[Event "Titled Tuesday 2021.02.16"]
[Site "Chess.com INT"]
[Date "2021.02.16"]
[Round "4"]
[White "Skatchkov, Valery"]
[Black "Golubka, Petro"]
[Result "0-1"]
[WhiteElo "2283"]
[BlackElo "2452"]
[WhiteFideId "-1"]
[BlackFideId "-1"]
[PlyCount "62"]
[GameId "1618787732877312"]
[EventDate "2021.02.16"]
[EventType "swiss (blitz)"]
[EventRounds "11"]
[EventCountry "NET"]
[SourceTitle "EXT 2022"]
[Source "ChessBase"]
[SourceDate "2021.10.06"]
[SourceVersion "1"]
[SourceVersionDate "2021.10.06"]
[SourceQuality "1"]

1. d4 d5 2. c4 e6 3. Nf3 Bb4+ 4. Bd2 a5 5. g3 Nf6 6. Bg2 O-O 7. Qc2 Nbd7 8. O-O c6 9. a3 Be7 10. Nc3 dxc4 11. Bf4 b5 12. Rad1 Bb7 13. Ne5 Qc8 14. Nxd7 Nxd7 15. e4 Nb6 16. d5 cxd5 17. exd5 Nxd5 18. Nxd5 exd5 19. Rfe1 Bf6 20. Bxd5 Rd8 21. Qe4 Rxd5 22. Rxd5 Bxb2 23. Rd8+ Qxd8 24. Qxb7 Bxa3 25. Qxb5 Bb4 26. Rc1 c3 27. Be5 Qe8 28. Qb7 Rc8 29. h4 h5 30. Bf4 Qc6 31. Qe7 Bxe7 0-1

[Event "Titled Tuesday 2021.02.16"]
[Site "Chess.com INT"]
[Date "2021.02.16"]
[Round "5"]
[White "Golubka, Petro"]
[Black "Stark, Lars"]
[Result "1-0"]
[WhiteElo "2452"]
[BlackElo "2381"]
[WhiteFideId "-1"]
[BlackFideId "-1"]
[PlyCount "165"]
[GameId "1618787734364160"]
[EventDate "2021.02.16"]
[EventType "swiss (blitz)"]
[EventRounds "11"]
[EventCountry "NET"]
[SourceTitle "EXT 2022"]
[Source "ChessBase"]
[SourceDate "2021.10.06"]
[SourceVersion "1"]
[SourceVersionDate "2021.10.06"]
[SourceQuality "1"]

1. e4 e6 2. d4 d5 3. Nc3 Nf6 4. Bg5 dxe4 5. Nxe4 Be7 6. Bxf6 gxf6 7. Nf3 f5 8. Nc3 a6 9. g3 b5 10. Bg2 Bb7 11. O-O O-O 12. Re1 Bf6 13. a3 Qd6 14. Ne2 Nd7 15. c3 Rad8 16. b4 a5 17. Nf4 Ra8 18. Ne5 Bxg2 19. Nxd7 Qxd7 20. Kxg2 axb4 21. axb4 Rxa1 22. Qxa1 Qc6+ 23. Kg1 Ra8 24. Qb2 Qc4 25. Nh5 Bg5 26. Ra1 Ra4 27. h4 Bh6 28. Kh2 Kf8 29. Kg1 Ke7 30. d5 e5 31. Re1 f6 32. Qb1 Qg4 33. Qd1 Qxd1 34. Rxd1 Ra3 35. Rd3 e4 36. Rd1 Rxc3 37. Ra1 Rc1+ 38. Rxc1 Bxc1 39. Ng7 Kd6 40. Nxf5+ Kxd5 41. Ne7+ Ke6 42. Nc6 Kd5 43. Na7 c6 44. Nc8 Bd2 45. Ne7+ Kd6 46. Nf5+ Kd7 47. g4 Bxb4 48. Kf1 Bd6 49. Ke2 Bf4 50. h5 c5 51. f3 exf3+ 52. Kxf3 Bg5 53. Ke4 c4 54. Kd4 Kc6 55. Ne7+ Kb6 56. Nd5+ Ka5 57. Kc5 Bf4 58. Nxf4 c3 59. Nd3 b4 60. Nxb4 Ka4 61. Kc4 c2 62. Nxc2 Ka5 63. Ne3 Kb6 64. Nf5 Kc6 65. Kd4 Kd7 66. Ke4 Ke6 67. Kf4 Kf7 68. h6 Ke6 69. g5 Kf7 70. gxf6 Kg6 71. Ke5 Kf7 72. Nd6+ Kf8 73. Kf5 Kg8 74. Ne4 Kf8 75. Ng5 Kg8 76. f7+ Kf8 77. Nxh7+ Kxf7 78. Ng5+ Kg8 79. Kg6 Kh8 80. Nf7+ Kg8 81. h7+ Kf8 82. h8=Q+ Ke7 83. Qd8+ 1-0

[Event "Titled Tuesday 2021.02.16"]
[Site "Chess.com INT"]
[Date "2021.02.16"]
[Round "6"]
[White "Abdusattorov, Nodirbek"]
[Black "Golubka, Petro"]
[Result "1-0"]
[WhiteElo "2627"]
[BlackElo "2452"]
[WhiteFideId "-1"]
[BlackFideId "-1"]
[PlyCount "115"]
[GameId "1618787734675456"]
[EventDate "2021.02.16"]
[EventType "swiss (blitz)"]
[EventRounds "11"]
[EventCountry "NET"]
[SourceTitle "EXT 2022"]
[Source "ChessBase"]
[SourceDate "2021.10.06"]
[SourceVersion "1"]
[SourceVersionDate "2021.10.06"]
[SourceQuality "1"]

1. c4 e5 2. g3 Nf6 3. Bg2 c6 4. Nf3 e4 5. Nd4 d5 6. cxd5 cxd5 7. O-O Bc5 8. Nb3 Bb6 9. d3 exd3 10. Qxd3 h6 11. Nc3 Be6 12. Na4 O-O 13. Nxb6 Qxb6 14. Be3 Qd8 15. Nd4 Nc6 16. Rac1 Qd7 17. Rfd1 Rfc8 18. a3 Bh3 19. Bf3 Ne5 20. Qb5 Qe7 21. Bg2 Bxg2 22. Kxg2 Nc4 23. Rc3 a6 24. Qb4 Qxb4 25. axb4 Nxb2 26. Rdc1 Rxc3 27. Rxc3 Nc4 28. Bf4 Ne4 29. Rd3 g5 30. Bc1 Ned6 31. Nb3 Nb6 32. Be3 Ndc4 33. Bc5 Rc8 34. Na5 Rc7 35. Nb3 f6 36. g4 Kf7 37. h4 Rc8 38. h5 Rc7 39. Kg3 Rc8 40. Rd1 Rc7 41. f3 Rc8 42. Kf2 Rc7 43. Na5 Rd7 44. Nb3 Na4 45. Bd4 b5 46. Ba1 Na3 47. Nd4 Rc7 48. Nf5 Nc2 49. Nxh6+ Ke6 50. Nf5 Nxb4 51. h6 Rh7 52. Rc1 a5 53. Bd4 Kd7 54. Bxf6 Nc6 55. Bxg5 b4 56. Bf6 Nb6 57. g5 Nc4 58. g6 1-0